| 000 | 00411nam a2200169Ia 4500 | ||
|---|---|---|---|
| 005 | 20250423095454.0 | ||
| 008 | 250422s9999 xx 000 0 und d | ||
| 020 | _a0792376293 | ||
| 050 | _aTK 7816 .R39/ | ||
| 100 | _aRazeghi, Manijeh | ||
| 245 | 0 | _aFundamentals Of Solid State Engineering | |
| 260 | _aBoston | ||
| 260 | _bKluwer Academic Publishers | ||
| 260 | _c2002 | ||
| 300 | _a630 p | ||
| 942 | _cBK | ||
| 999 |
_c30377 _d30377 |
||